| 000 | 00362 a2200145 4500 | ||
|---|---|---|---|
| 001 | 150912 | ||
| 040 | _cEscola São Tomás de Aquino | ||
| 100 | _aAMADO, Jorge | ||
| 240 | 1 | 0 |
_aO gato Malhado e a Andorinha Sinhá _lpor |
| 245 | 1 | 0 | _aO gato Malhado e a Andorinha Sinhá |
| 300 | _a50 | ||
| 362 | 0 | _a1986 | |
| 697 | _a*LITERATURA INFANTO JUVENIL | ||
| 942 | _cBK | ||
| 999 |
_c150912 _d150912 |
||